[Event "Ungdoms-DM U19 2023"]
[Site "Odense"]
[Date "2023.11.05"]
[Round "5.3"]
[White "Iskos, Lukas"]
[Black "Koch Mueller, Oscar"]
[Result "1-0"]
[WhiteElo "1984"]
[BlackElo "2007"]
[PlyCount "123"]
[EventDate "2023.11.03"]
[EventType "swiss"]
[EventRounds "5"]
[EventCountry "DEN"]
[SourceTitle "Live v. Kasper Jerwiarz"]

1. d4 Nf6 2. Nf3 e6 3. Bf4 c5 4. e3 d5 5. Nbd2 Nc6 6. c3 Nh5 7. Bg5 f6 8. Bh4
cxd4 9. exd4 Bd6 10. Bd3 Nf4 11. Bf1 O-O 12. Bg3 Re8 13. Bxf4 Bxf4 14. Be2 e5
15. O-O e4 16. Ne1 Qc7 17. g3 Bd6 18. Ng2 f5 19. Ne3 Qf7 20. Nxd5 f4 21. Bc4
Kh8 22. Nxf4 Qf5 23. Ng2 Qh3 24. Re1 Bg4 25. Be2 Bd7 26. Bf1 Bg4 27. Nh4 Qxh4
28. gxh4 Bxd1 29. Raxd1 Bf4 30. Rxe4 Bxd2 31. Rxe8+ Rxe8 32. Rxd2 Re4 33. Re2
Rg4+ 34. Bg2 Kg8 35. Re4 Rg6 36. Kf1 Kf7 37. Rf4+ Ke7 38. Be4 Rh6 39. Bxc6 Rxc6
40. Re4+ Kd7 41. Kg2 Ra6 42. a3 Rb6 43. Re2 Rg6+ 44. Kh3 Rf6 45. h5 Kd6 46. Kg4
Rf7 47. f4 Kd5 48. b3 Rc7 49. Re5+ Kd6 50. c4 Rf7 51. f5 Kc6 52. Re6+ Kd7 53.
Kf4 Kc7 54. Ke5 Kd7 55. d5 Rf8 56. c5 Rf7 57. b4 Rf8 58. b5 Rf7 59. a4 Rf8 60.
c6+ bxc6 61. bxc6+ Kc8 62. d6 1-0

[Event "Ungdoms-DM U19 2023"]
[Site "Odense"]
[Date "2023.11.05"]
[Round "5.4"]
[White "Jensen, Bertil Friis"]
[Black "Moe, Anton Helsted"]
[Result "1/2-1/2"]
[WhiteElo "1986"]
[BlackElo "1747"]
[PlyCount "52"]
[EventDate "2023.11.03"]
[EventType "swiss"]
[EventRounds "5"]
[EventCountry "DEN"]
[SourceTitle "Live v. Kasper Jerwiarz"]

1. Nf3 Nf6 2. b3 g6 3. Bb2 Bg7 4. e3 d5 5. Be2 O-O 6. O-O c5 7. c4 e6 8. Qc2 b6
9. d4 cxd4 10. Nxd4 Bb7 11. Nd2 Nbd7 12. Rac1 a6 13. Rfd1 Rc8 14. Qb1 Qe7 15.
a3 Nc5 16. b4 Nce4 17. Nxe4 Nxe4 18. cxd5 Bxd5 19. Bxa6 Rxc1 20. Qxc1 Qh4 21.
Qc2 Be5 22. Nf3 Bxh2+ 23. Nxh2 Bb3 24. Nf3 Bxc2 25. Nxh4 Bxd1 26. Bd4 Rb8
1/2-1/2